Ley de quiebras

Gespeichert in:
Bibliographische Detailangaben
1. Verfasser: Ducci Claro, Carlos (VerfasserIn)
Format: Buch
Sprache:Spanisch
Veröffentlicht: Santiago Jurídica de Chile 1983
Schlagworte:
Tags: Tag hinzufügen
Keine Tags, Fügen Sie den ersten Tag hinzu!

MARC

LEADER 00000nam a2200000 a 4500
001 UCY7092
003 CL-VaPUC
008 950609e19830000CL |||||||||||||||||spa|d
082 0 4 |a 346.078  |b DUC  |2 21 
100 0 |a Ducci Claro, Carlos  |e author  |9 337358 
245 1 0 |a Ley de quiebras 
300 |a 182 p 
942 |c BK 
945 |d 19950609 00:00:00  |a aalvarez 
260 |a Santiago  |b Jurídica de Chile  |c 1983 
650 0 |a Quiebra  |9 255386 
650 7 |a ORGANOS DE LA QUIEBRA  |2 CL-VaPUC  |9 337359 
650 0 |a Derecho comercial   |9 256340 
651 7 |a CHILE  |2 CL-VaPUC  |9 337360 
583 |a last modification  |c 19950609 00:00:00  |k Rodrigo Vera 
999 |c 234549  |d 234547 
952 |0 0  |1 0  |4 0  |6 346_078000000000000_DUC_1983  |7 0  |8 A  |9 241066  |a BIBDER  |b BIBDER  |d 2019-11-18  |i 2007207  |o 346.078 DUC 1983  |p 2007207  |r 2023-01-25  |w 2019-11-18  |y BK  |k DER